Moving away from patronage: A feedback approach (Record no. 523572)

000 -LEADER
fixed length control field 01471nam a22001577a 4500
008 - FIXED-LENGTH DATA ELEMENTS--GENERAL INFORMATION
fixed length control field 230913b ||||| |||| 00| 0 eng d
100 ## - MAIN ENTRY--PERSONAL NAME
Personal name Peters, B. Guy and Bianchi, Carmine
245 ## - TITLE STATEMENT
Title Moving away from patronage: A feedback approach
260 ## - PUBLICATION, DISTRIBUTION, ETC. (IMPRINT)
Place of publication, distribution, etc American Review of Public Administration
300 ## - PHYSICAL DESCRIPTION
Extent 53(1), Jan, 2023: p.36-48
520 ## - SUMMARY, ETC.
Summary, etc Patronage appointments in government are a continuing issue in many administrative systems. Especially for countries in Latin America and Africa patronage is considered a major impediment to developing more effective administrative systems. A great deal has been written describing patronage and discussing the causes for patronage, but much less research has addressed the dynamics of moving away from patronage to more merit-based systems. This paper reviews the patronage literature and then develops a dynamic feedback model for movement away from patronage. The model links the quality of the services provided by the government, the nature of the political party system, and levels of trust to patronage. The model uses several reinforcing and balancing feedback loops to demonstrate the possible dynamics of change in administrative appointments. – Reproduced
650 ## - SUBJECT ADDED ENTRY--TOPICAL TERM
Topical term or geographic name as entry element International public administration, Governance, Public administration, Professionalism, Patronage, Feedback.
9 (RLIN) 40480
773 ## - HOST ITEM ENTRY
Main entry heading American Review of Public Administration
906 ## - LOCAL DATA ELEMENT F, LDF (RLIN)
Subject DIP PUBLIC ADMINISTRATION
942 ## - ADDED ENTRY ELEMENTS (KOHA)
Item type Articles
Holdings
Withdrawn status Lost status Source of classification or shelving scheme Damaged status Not for loan Permanent location Current location Date acquired Serial Enumeration / chronology Barcode Date last seen Koha item type
          Indian Institute of Public Administration Indian Institute of Public Administration 2023-09-13 53(1), Jan, 2023: p.36-48 AR129475 2023-09-13 Articles

Powered by Koha